La Invención de la diferencia costarricense, 1810-1870 /
En este artículo el autor rastrea el proceso de formación de los principales atributos de la nación costarricense y procura determinar cuáles eran los sentidos de pertenencia en Costa Rica en el período 1810-1870
Sparad:
| Huvudupphovsman: | |
|---|---|
| Materialtyp: | Text |
| Ämnen: | |
| Taggar: |
Lägg till en tagg
Inga taggar, Lägg till första taggen!
|
MARC
| LEADER | 00000 a a2200000 04500 | ||
|---|---|---|---|
| 001 | 15652 | ||
| 003 | |||
| 040 | |||
| 100 | |a Acuña Ortega, Víctor Hugo | ||
| 245 | |a La Invención de la diferencia costarricense, 1810-1870 / |c Víctor Hugo Acuña Ortega | ||
| 520 | |a En este artículo el autor rastrea el proceso de formación de los principales atributos de la nación costarricense y procura determinar cuáles eran los sentidos de pertenencia en Costa Rica en el período 1810-1870 | ||
| 650 | |a IDENTIDAD CULTURAL | ||
| 650 | |a NACIONALISMO | ||
| 650 | |a ESTADO | ||
| 650 | |a HISTORIA POLITICA | ||
| 650 | |a HISTORIA SOCIAL | ||
| 773 | |g número 45; páginas 191-228 | ||
| 999 | |c 31187 |d 31187 | ||
